<?xml version="1.0" encoding="UTF-8"?>
<record
    xmlns:xsi="http://www.w3.org/2001/XMLSchema-instance"
    xsi:schemaLocation="http://www.loc.gov/MARC21/slim http://www.loc.gov/standards/marcxml/schema/MARC21slim.xsd"
    xmlns="http://www.loc.gov/MARC21/slim">

  <leader>00642nam a22001937a 4500</leader>
  <controlfield tag="003">0</controlfield>
  <controlfield tag="005">20160609165901.0</controlfield>
  <controlfield tag="008">101005t        xxu||||| |||| 00| 0 eng d</controlfield>
  <datafield tag="040" ind1=" " ind2=" ">
    <subfield code="a">BUAC</subfield>
    <subfield code="c">BEPAC</subfield>
  </datafield>
  <datafield tag="100" ind1=" " ind2=" ">
    <subfield code="a">Tossou , Myrl&#xE8;ne Carine B.</subfield>
    <subfield code="9">9534</subfield>
  </datafield>
  <datafield tag="130" ind1=" " ind2=" ">
    <subfield code="l">fr</subfield>
    <subfield code="9">9535</subfield>
  </datafield>
  <datafield tag="245" ind1=" " ind2=" ">
    <subfield code="a">Etude de l'effet de l'incorporation de la m&#xE9;lasse dans l'alimentation sur des performances zootechniques du lapin &#xE0; l'engraissement</subfield>
  </datafield>
  <datafield tag="260" ind1=" " ind2=" ">
    <subfield code="a">R15711</subfield>
    <subfield code="b">R15711</subfield>
    <subfield code="c">2006-2007</subfield>
  </datafield>
  <datafield tag="300" ind1=" " ind2=" ">
    <subfield code="a">XII-59p.</subfield>
  </datafield>
  <datafield tag="650" ind1=" " ind2=" ">
    <subfield code="a">MELASSE </subfield>
    <subfield code="b">ALIMENTATION</subfield>
    <subfield code="9">9536</subfield>
  </datafield>
  <datafield tag="650" ind1=" " ind2=" ">
    <subfield code="a">PERFORMANCE ZOOTECHNIQUE</subfield>
    <subfield code="b">ENGRAISSEMENT</subfield>
    <subfield code="9">9537</subfield>
  </datafield>
  <datafield tag="700" ind1=" " ind2=" ">
    <subfield code="a">Kpodekon , Marc T.</subfield>
    <subfield code="9">9538</subfield>
  </datafield>
  <datafield tag="942" ind1=" " ind2=" ">
    <subfield code="c">THE</subfield>
  </datafield>
  <datafield tag="999" ind1=" " ind2=" ">
    <subfield code="c">47879</subfield>
    <subfield code="d">47879</subfield>
  </datafield>
  <datafield tag="952" ind1=" " ind2=" ">
    <subfield code="0">0</subfield>
    <subfield code="1">0</subfield>
    <subfield code="4">0</subfield>
    <subfield code="7">0</subfield>
    <subfield code="a">BEPAC</subfield>
    <subfield code="b">BEPAC</subfield>
    <subfield code="d">2010-10-05</subfield>
    <subfield code="e">D&#xE9;pot l&#xE9;gal</subfield>
    <subfield code="l">0</subfield>
    <subfield code="o">26.PSA/TOS</subfield>
    <subfield code="p">R15712 EPAC</subfield>
    <subfield code="r">2010-10-05 00:00:00</subfield>
    <subfield code="u">1</subfield>
    <subfield code="w">2010-10-05</subfield>
    <subfield code="y">THE</subfield>
  </datafield>
  <datafield tag="952" ind1=" " ind2=" ">
    <subfield code="0">0</subfield>
    <subfield code="1">0</subfield>
    <subfield code="4">0</subfield>
    <subfield code="7">0</subfield>
    <subfield code="a">BEPAC</subfield>
    <subfield code="b">BEPAC</subfield>
    <subfield code="d">2010-10-05</subfield>
    <subfield code="e">D&#xE9;pot l&#xE9;gal</subfield>
    <subfield code="l">0</subfield>
    <subfield code="o">26.PSA/TOS</subfield>
    <subfield code="p">R15713 EPAC</subfield>
    <subfield code="r">2010-10-05 00:00:00</subfield>
    <subfield code="t">2</subfield>
    <subfield code="w">2010-10-05</subfield>
    <subfield code="y">THE</subfield>
  </datafield>
  <datafield tag="952" ind1=" " ind2=" ">
    <subfield code="0">0</subfield>
    <subfield code="1">0</subfield>
    <subfield code="4">0</subfield>
    <subfield code="7">0</subfield>
    <subfield code="a">BEPAC</subfield>
    <subfield code="b">BEPAC</subfield>
    <subfield code="d">2010-10-05</subfield>
    <subfield code="e">D&#xE9;pot l&#xE9;gal</subfield>
    <subfield code="l">0</subfield>
    <subfield code="o">26.PSA/TOS</subfield>
    <subfield code="p">R15714 EPAC</subfield>
    <subfield code="r">2010-10-05 00:00:00</subfield>
    <subfield code="t">3</subfield>
    <subfield code="w">2010-10-05</subfield>
    <subfield code="y">THE</subfield>
  </datafield>
</record>
